| 000 | 00695nam a2200253Ia 4500 | ||
|---|---|---|---|
| 003 | OSt | ||
| 005 | 20220924140226.0 | ||
| 006 | a|||||r|||| 00| 0 | ||
| 007 | ta | ||
| 008 | 220923b |||||||| |||| 00| 0 ben d | ||
| 020 | _a8177565788 (HBK) | ||
| 020 | _c250 | ||
| 024 | _a294128 | ||
| 037 |
_bM/2008/39, 11/09/2008, Mukta Dhara _cTextual |
||
| 040 |
_aARTS _cARTS _bben |
||
| 041 |
_2ben _aben |
||
| 082 | _aO157,1N62x, P6 | ||
| 100 |
_aTaslima Nasnin _9211109 |
||
| 245 | 0 | _aKabita samagra | |
| 260 | _c2006 | ||
| 650 | _aBENGALI LITERATURE | ||
| 942 |
_hO157,1N62x, P6 _cTEXL _2CC |
||
| 999 |
_c443367 _d443367 |
||